A practical Guide to Data analysis for Physical Science students (Record no. 4688)

MARC details
000 -LEADER
fixed length control field 01102pam a2200301 a 4500
001 - CONTROL NUMBER
control field 4378487
003 - CONTROL NUMBER IDENTIFIER
control field OSt
005 - DATE AND TIME OF LATEST TRANSACTION
control field 20231011073624.0
008 - FIXED-LENGTH DATA ELEMENTS--GENERAL INFORMATION
fixed length control field 910507s1991 enka 001 0 eng
010 ## - LIBRARY OF CONGRESS CONTROL NUMBER
LC control number 91019623
020 ## - INTERNATIONAL STANDARD BOOK NUMBER
International Standard Book Number 0521414156
020 ## - INTERNATIONAL STANDARD BOOK NUMBER
International Standard Book Number 0521424631 (pbk.)
040 ## - CATALOGING SOURCE
Original cataloging agency DLC
Transcribing agency DLC
Modifying agency DLC
082 ## - DEWEY DECIMAL CLASSIFICATION NUMBER
Classification number 500.2 LYO 1991
100 1# - MAIN ENTRY--PERSONAL NAME
Personal name Lyons, Louis.
9 (RLIN) 10087
245 12 - TITLE STATEMENT
Title A practical Guide to Data analysis for Physical Science students
260 ## - PUBLICATION, DISTRIBUTION, ETC. (IMPRINT)
Place of publication, distribution, etc. Cambridge;
Name of publisher, distributor, etc. Cambridge University Press,
Date of publication, distribution, etc. 1991.
300 ## - PHYSICAL DESCRIPTION
Extent xii, 95 p. :
Other physical details ill. ;
Dimensions 23 cm.
500 ## - GENERAL NOTE
General note Includes index.
650 #0 - SUBJECT ADDED ENTRY--TOPICAL TERM
Topical term or geographic name as entry element Physical science
9 (RLIN) 10088
650 #0 - SUBJECT ADDED ENTRY--TOPICAL TERM
Topical term or geographic name as entry element Data analysis
9 (RLIN) 6672
740 0# - ADDED ENTRY--UNCONTROLLED RELATED/ANALYTICAL TITLE
Uncontrolled related/analytical title Data analysis for physical science students.
856 42 - ELECTRONIC LOCATION AND ACCESS
Materials specified Publisher description
Uniform Resource Identifier http://www.loc.gov/catdir/description/cam024/91019623.html
856 41 - ELECTRONIC LOCATION AND ACCESS
Materials specified Table of contents
Uniform Resource Identifier http://www.loc.gov/catdir/toc/cam021/91019623.html
906 ## - LOCAL DATA ELEMENT F, LDF (RLIN)
a 7
b cbc
c orignew
d 1
e ocip
f 19
g y-gencatlg
942 ## - ADDED ENTRY ELEMENTS (KOHA)
Source of classification or shelving scheme Dewey Decimal Classification
Koha item type Open Shelf
Holdings
Withdrawn status Lost status Source of classification or shelving scheme Damaged status Not for loan Home library Current library Date acquired Source of acquisition Inventory number Total Checkouts Full call number Barcode Date last seen Koha item type Price effective from
    Dewey Decimal Classification     MUST Main Library MUST Main Library 11/07/2016 Donation 02/17852   500.2 LYO 1991 2016-3089 11/07/2016 Open Shelf  
    Dewey Decimal Classification     MUST Main Library MUST Main Library 23/01/2020 Donation 03/18745   500.2 LYO 1991 2020-0112 23/01/2020 Open Shelf  
    Dewey Decimal Classification     MUST Main Library MUST Main Library 18/06/2024 Donation 2002/17758   500.2 LYO 1991 2024-20731 18/06/2024 Open Shelf 18/06/2024